000 00453ntaaa2200169 4500
003 01
005 20251027201248.0
008 0714s1973 ag 01
040 _aAR-BaBN
_bspa
_cAR-BaBN
_eaacr
_dRIC
082 _a220.93 K14
100 _aKapelrud, Arvid S.
_910800
245 _aBaal in the Ras Shamra texts /
_cArvid S. Kapelrud
250 _a1 ed. :
_bG.E.C. Gad-Publisher,
_cc1952
300 _a156 p.
650 _aArqueología Bíblica
942 _cBK
999 _c6984
_d6984